Второй период революции. 1906-1907 гг. Ч. 3: Октябрь-декабрь 1906 года (Запись № 8642703)

Подробности
000 -МАРКЕР
контрольное поле 01514nam2a22002891 4500
001 - ИДЕНТИФИКАТОР ЗАПИСИ
контрольное поле rc\4458062
005 - ИДЕНТИФИКАТОР ВЕРСИИ
контрольное поле 20130416162710.1
021 ## - НОМЕР ГОСУДАРСТВЕННОЙ РЕГИСТРАЦИИ
Код страны Российская Федерация
Номер [63-54396]
035 ## - ДРУГИЕ СИСТЕМНЫЕ НОМЕРА
Идентификатор записи (NLR Aleph) 008590839
100 ## - ДАННЫЕ ОБЩЕЙ ОБРАБОТКИ
Данные общей обработки 20130416d1963 |||y0rusy50 ca
101 0# - ЯЗЫК РЕСУРСА
Язык текста, звукозаписи и т.д. русский
102 ## - СТРАНА ПУБЛИКАЦИИ ИЛИ ПРОИЗВОДСТВА
Страна публикации Российская Федерация
105 ## - ПОЛЕ КОДИРОВАННЫХ ДАННЫХ: ТЕКСТОВЫЕ МАТЕРИАЛЫ, МОНОГРАФИЧЕСКИЕ
Кодированные данные о монографическом текстовом документе y z |||||
200 1# - ЗАГЛАВИЕ И СВЕДЕНИЯ ОБ ОТВЕТСТВЕННОСТИ
Основное заглавие Октябрь-декабрь 1906 года
Первые сведения об ответственности [Сост. Р.Е. Альтшуллер, В.К. Головников, Д.А. Колесниченко и др.]
Последующие сведения об ответственности Под ред. М.С. Симоновой (отв. ред.) [и др.]
210 ## - ПУБЛИКАЦИЯ, РАСПРОСТРАНЕНИЕ И ДР.
Дата издания, распространения и т.д. 1963
215 ## - ФИЗИЧЕСКАЯ ХАРАКТЕРИСТИКА
Специфическое обозначение материала и объем 652 с.
461 #0 - УРОВЕНЬ НАБОРА
Встроенное поле 001rc\4458056
-- 2001#$aВторой период революции. 1906-1907 гг.$fПод ред. Г.М. Деренковского (отв. ред.) [и др.]$g[Акад. наук СССР. Ин-т истории. Гл. архивное упр. Центр. гос. воен.-ист. архив]. Ч. 1-$vЧ. 3
Системный номер (АБИС) связанной записи 8642669
Место публикации Москва
Дата публикации 1957
Первые сведения об ответственности Под ред. Г.М. Деренковского (отв. ред.) [и др.]
Имя издателя, распространителя и т.д. Изд-во Акад. наук СССР
Заглавие Второй период революции. 1906-1907 гг.
Номер тома Ч. 3
702 #1 - ИМЯ ЛИЦА - ВТОРИЧНАЯ ОТВЕТСТВЕННОСТЬ
Начальный элемент ввода Головников
Часть имени, кроме начального элемента ввода В. К.
Код отношения Составитель
702 #1 - ИМЯ ЛИЦА - ВТОРИЧНАЯ ОТВЕТСТВЕННОСТЬ
Начальный элемент ввода Колесниченко
Часть имени, кроме начального элемента ввода Д. А.
Код отношения Составитель
702 #1 - ИМЯ ЛИЦА - ВТОРИЧНАЯ ОТВЕТСТВЕННОСТЬ
Начальный элемент ввода Альтшуллер
Часть имени, кроме начального элемента ввода Р. Е.
Расширение инициалов личного имени Розалия Ефимовна
Код отношения Составитель
702 #1 - ИМЯ ЛИЦА - ВТОРИЧНАЯ ОТВЕТСТВЕННОСТЬ
Начальный элемент ввода Симонова
Часть имени, кроме начального элемента ввода М. С.
Код отношения Редактор
801 #0 - ИСТОЧНИК ЗАПИСИ
Страна Российская Федерация
Организация NLR
Правила каталогизации psbo
801 #1 - ИСТОЧНИК ЗАПИСИ
Страна Российская Федерация
Организация ELAR
Источник данных rusmarc
852 ## - МЕСТОНАХОЖДЕНИЕ И ШИФР ХРАНЕНИЯ
Идентификатор организации NLR
Шифр хранения (Call Number) 57-7/1397
942 ## - ДОПОЛНИТЕЛЬНЫЕ ЭЛЕМЕНТЫ ЗАПИСИ (АБИС)
Тип экземпляра АБИС Книга
980 ## - КОЛЛЕКЦИЯ
Название коллекции Национальная библиография
Экземпляры
Тип экземпляра Дата поступления Библиотека постоянного хранения Библиотека текущего хранения Место хранения Шифр хранения Штрих-код Статус экземпляра
Книга 26.10.2013 РНБ (Московский) РНБ (Московский) Русский книжный фонд: издания с 1957 года 57-7/1397 1-530234